00477cam a2200169ua 45000010005000000080039000050200018000440400009000620820010000711000033000812450048001142500032001622600054001943000015002486530014002636530030002775482121031n ii |||gr||||Z||||||eng a81-7381-218-7 cMAIN a330.91 aMukherjee, Debes.,eAuthor.,11aIndian economic historycby Debes Mukherjee a3rd / brevised & enlarged. aKolkata:bNew central book agency(p) ltd.,c2012. axii, 203p. aEconomics aEconomic history of India